Normas Internacionales de Información Financiera

Guardat en:
Dades bibliogràfiques
Format: Llibre
Idioma:espanyol
Publicat: Londres IFRS Foundation 2017
Edició:1a. ed
Matèries:
Etiquetes: Afegir etiqueta
Sense etiquetes, Sigues el primer a etiquetar aquest registre!

MARC

LEADER 00000cam a2200000 a 4500
001 UCC1114
003 CL-VaPUC
008 170929e20170000uk |||||||||||||||||spa|d
020 |a 9781911040507o.c 
020 |a 9781911040514v.1 
020 |a 9781911040521v.2 
082 0 4 |a 657  |b NOR  |2 21 
245 1 0 |a Normas Internacionales de Información Financiera 
246 1 0 |a NIIF 
250 |a 1a. ed 
300 |a v 
942 |c BK 
945 |d 20170929 13:43:00  |a dcastane 
260 |a Londres  |b IFRS Foundation  |c 2017 
500 |a v.1: El prólogo a las normas internacionales de información financiera, el marco conceptual para la información financiera y el texto consolidado de las normas NIIF, incluyendo las normas NIC, interpretaciones CINIIF e interpretaciones SIC, emitidas a 1 de enero de 2017 
500 |a v.2: el texto consolidado de los documentos que acompañañn al marco conceptual para la información financiera y a las normas NIIF, incluyendo las normas NIC, interpretaciones CINIIF e interpretaciones SIC, emitidas a 1 de enero de 2017, junto con un documento de práctica de las NIIF y la aprobación por el Consejo de las Mejoras Anuales a las normas NIIF 
650 0 |a Contabilidad   |9 261430 
650 0 |a Estados de cuentas  |9 352305 
650 7 |a ESTADOS FINANCIEROS  |2 CL-VaPUC  |9 595154 
650 7 |a NORMAS INTERNACIONALES  |2 CL-VaPUC  |9 341712 
583 |a last modification  |c 20170929 13:43:00  |k Rodrigo Vera 
999 |c 369694  |d 369692 
952 |0 0  |1 0  |3 erb  |4 0  |6 657_000000000000000_NOR_2017  |7 0  |8 A  |9 485637  |a BIBGIM  |b BIBGIM  |h v.1  |i 5426685  |o 657 NOR 2017  |p 5426685  |r 2025-01-15  |w 2019-11-24  |y BK  |z Catalogado en:20170929  |k COM 
952 |0 0  |1 0  |3 erb  |4 0  |6 657_000000000000000_NOR_2017  |7 0  |8 A  |9 485638  |a BIBGIM  |b BIBGIM  |h v.2  |i 5426693  |o 657 NOR 2017  |p 5426693  |r 2025-01-15  |w 2019-11-24  |y BK  |z Catalogado en:20170929  |k COM 
952 |0 0  |1 0  |3 erb  |4 0  |6 657_000000000000000_NOR_2017  |7 0  |8 A  |9 485639  |a BIBGIM  |b BIBGIM  |h v.1  |i 5426669  |o 657 NOR 2017  |p 5426669  |r 2025-01-15  |w 2019-11-24  |y BK  |z Catalogado en:20170929  |k COM 
952 |0 0  |1 0  |3 erb  |4 0  |6 657_000000000000000_NOR_2017  |7 0  |8 A  |9 485640  |a BIBGIM  |b BIBGIM  |h v.2  |i 5426677  |o 657 NOR 2017  |p 5426677  |r 2025-01-15  |w 2019-11-24  |y BK  |z Catalogado en:20170929  |k COM 
952 |0 0  |1 0  |3 erb  |4 0  |6 657_000000000000000_NOR_2017  |7 0  |8 A  |9 485641  |a BIBGIM  |b BIBGIM  |h v.1  |i 5426642  |l 1  |o 657 NOR 2017  |p 5426642  |r 2025-01-15  |s 2022-09-09  |w 2019-11-24  |y BK  |z Catalogado en:20170929  |k COM 
952 |0 0  |1 0  |3 erb  |4 0  |6 657_000000000000000_NOR_2017  |7 0  |8 A  |9 485642  |a BIBGIM  |b BIBGIM  |h v.2  |i 5426650  |o 657 NOR 2017  |p 5426650  |r 2025-01-15  |w 2019-11-24  |y BK  |z Catalogado en:20170929  |k COM 
952 |0 0  |1 0  |3 erb  |4 0  |6 657_000000000000000_NOR_2017  |7 0  |8 A  |9 485643  |a BIBGIM  |b BIBGIM  |h v.1  |i 5426626  |o 657 NOR 2017  |p 5426626  |r 2025-01-15  |w 2019-11-24  |y BK  |z Catalogado en:20170929  |k COM 
952 |0 0  |1 0  |3 erb  |4 0  |6 657_000000000000000_NOR_2017  |7 0  |8 A  |9 485644  |a BIBGIM  |b BIBGIM  |h v.2  |i 5426634  |o 657 NOR 2017  |p 5426634  |r 2025-01-15  |w 2019-11-24  |y BK  |z Catalogado en:20170929  |k COM 
952 |0 0  |1 0  |3 erb  |4 0  |6 657_000000000000000_NOR_2017  |7 0  |8 A  |9 485645  |a BIBGIM  |b BIBGIM  |h v.1  |i 5426782  |l 1  |o 657 NOR 2017  |p 5426782  |r 2025-01-15  |s 2022-04-19  |w 2019-11-24  |y BK  |z Catalogado en:20170929  |k COM 
952 |0 0  |1 0  |3 erb  |4 0  |6 657_000000000000000_NOR_2017  |7 0  |8 A  |9 485646  |a BIBGIM  |b BIBGIM  |h v.2  |i 5426790  |o 657 NOR 2017  |p 5426790  |r 2025-01-15  |w 2019-11-24  |y BK  |z Catalogado en:20170929  |k COM 
952 |0 0  |1 0  |3 erb  |4 0  |6 657_000000000000000_NOR_2017  |7 0  |8 A  |9 485647  |a BIBGIM  |b BIBGIM  |h v.1  |i 5426766  |o 657 NOR 2017  |p 5426766  |r 2025-01-15  |w 2019-11-24  |y BK  |z Catalogado en:20170929  |k COM 
952 |0 0  |1 0  |3 erb  |4 0  |6 657_000000000000000_NOR_2017  |7 0  |8 A  |9 485648  |a BIBGIM  |b BIBGIM  |h v.2  |i 5426774  |o 657 NOR 2017  |p 5426774  |r 2025-01-15  |w 2019-11-24  |y BK  |z Catalogado en:20170929  |k COM 
952 |0 0  |1 0  |3 erb  |4 0  |6 657_000000000000000_NOR_2017  |7 0  |8 A  |9 485649  |a BIBGIM  |b BIBGIM  |h v.1  |i 5426707  |l 3  |m 1  |o 657 NOR 2017  |p 5426707  |r 2025-01-15  |s 2024-04-17  |w 2019-11-24  |y BK  |z Catalogado en:20170929  |k COM 
952 |0 0  |1 0  |3 erb  |4 0  |6 657_000000000000000_NOR_2017  |7 0  |8 A  |9 485650  |a BIBGIM  |b BIBGIM  |h v.2  |i 5426715  |o 657 NOR 2017  |p 5426715  |r 2025-01-15  |w 2019-11-24  |y BK  |z Catalogado en:20170929  |k COM 
952 |0 0  |1 0  |3 erb  |4 0  |6 657_000000000000000_NOR_2017  |7 0  |8 A  |9 485651  |a BIBGIM  |b BIBGIM  |h v.1  |i 5426723  |o 657 NOR 2017  |p 5426723  |r 2025-01-15  |w 2019-11-24  |y BK  |z Catalogado en:20170929  |k COM 
952 |0 0  |1 0  |3 erb  |4 0  |6 657_000000000000000_NOR_2017  |7 0  |8 A  |9 485652  |a BIBGIM  |b BIBGIM  |h v.2  |i 5426731  |o 657 NOR 2017  |p 5426731  |r 2025-01-15  |w 2019-11-24  |y BK  |z Catalogado en:20170929  |k COM 
952 |0 0  |1 0  |3 erb  |4 0  |6 657_000000000000000_NOR_2017  |7 0  |8 A  |9 485653  |a BIBGIM  |b BIBGIM  |h v.1  |i 5433541  |l 1  |o 657 NOR 2017  |p 5433541  |r 2025-01-15  |s 2023-12-12  |w 2019-11-24  |y BK  |z Catalogado en:20171104  |k COM 
952 |0 0  |1 0  |3 erb  |4 0  |6 657_000000000000000_NOR_2017  |7 0  |8 A  |9 485654  |a BIBGIM  |b BIBGIM  |h v.2  |i 543355K  |o 657 NOR 2017  |p 543355K  |r 2025-01-15  |w 2019-11-24  |y BK  |z Catalogado en:20171104  |k COM 
952 |0 0  |1 0  |3 erb  |4 0  |6 657_000000000000000_NOR_2017  |7 0  |8 A  |9 485655  |a BIBGIM  |b BIBGIM  |h v.1  |i 5433568  |o 657 NOR 2017  |p 5433568  |r 2025-01-15  |w 2019-11-24  |y BK  |z Catalogado en:20171104  |k COM 
952 |0 0  |1 0  |3 erb  |4 0  |6 657_000000000000000_NOR_2017  |7 0  |8 A  |9 485656  |a BIBGIM  |b BIBGIM  |h v.2  |i 5433576  |o 657 NOR 2017  |p 5433576  |r 2025-01-15  |w 2019-11-24  |y BK  |z Catalogado en:20171104  |k COM 
952 |0 0  |1 0  |3 erb  |4 0  |6 657_000000000000000_NOR_2017  |7 0  |8 A  |9 485657  |a BIBGIM  |b BIBGIM  |h v.1  |i 5433584  |o 657 NOR 2017  |p 5433584  |r 2025-01-15  |w 2019-11-24  |y BK  |z Catalogado en:20171104  |k COM 
952 |0 0  |1 0  |3 erb  |4 0  |6 657_000000000000000_NOR_2017  |7 0  |8 A  |9 485658  |a BIBGIM  |b BIBGIM  |h v.2  |i 5433592  |o 657 NOR 2017  |p 5433592  |r 2025-01-15  |w 2019-11-24  |y BK  |z Catalogado en:20171104  |k COM 
952 |0 0  |1 0  |3 erb  |4 0  |6 657_000000000000000_NOR_2017  |7 0  |8 A  |9 485659  |a BIBGIM  |b BIBGIM  |h v.1  |i 5433606  |o 657 NOR 2017  |p 5433606  |r 2025-01-15  |w 2019-11-24  |y BK  |z Catalogado en:20171104  |k COM 
952 |0 0  |1 0  |3 erb  |4 0  |6 657_000000000000000_NOR_2017  |7 0  |8 A  |9 485660  |a BIBGIM  |b BIBGIM  |h v.2  |i 5433614  |o 657 NOR 2017  |p 5433614  |r 2025-01-15  |w 2019-11-24  |y BK  |z Catalogado en:20171104  |k COM 
952 |0 0  |1 0  |3 erb  |4 0  |6 657_000000000000000_NOR_2017  |7 0  |8 A  |9 485661  |a BIBGIM  |b BIBGIM  |h v.1  |i 5433622  |o 657 NOR 2017  |p 5433622  |r 2025-01-15  |w 2019-11-24  |y BK  |z Catalogado en:20171104  |k COM 
952 |0 0  |1 0  |3 erb  |4 0  |6 657_000000000000000_NOR_2017  |7 0  |8 A  |9 485662  |a BIBGIM  |b BIBGIM  |h v.2  |i 5433630  |o 657 NOR 2017  |p 5433630  |r 2025-01-15  |w 2019-11-24  |y BK  |z Catalogado en:20171104  |k COM 
952 |0 0  |1 0  |3 erb  |4 0  |6 657_000000000000000_NOR_2017  |7 0  |8 A  |9 485663  |a BIBGIM  |b BIBGIM  |h v.1  |i 5433649  |o 657 NOR 2017  |p 5433649  |r 2025-01-15  |w 2019-11-24  |y BK  |z Catalogado en:20171104  |k COM 
952 |0 0  |1 0  |3 erb  |4 0  |6 657_000000000000000_NOR_2017  |7 0  |8 A  |9 485664  |a BIBGIM  |b BIBGIM  |h v.2  |i 5433657  |l 2  |o 657 NOR 2017  |p 5433657  |r 2025-01-15  |s 2023-12-12  |w 2019-11-24  |y BK  |z Catalogado en:20171104  |k COM 
952 |0 0  |1 0  |3 erb  |4 0  |6 657_000000000000000_NOR_2017  |7 0  |8 A  |9 485665  |a BIBGIM  |b BIBGIM  |h v.1  |i 5433665  |l 1  |o 657 NOR 2017  |p 5433665  |r 2025-01-15  |s 2024-04-17  |w 2019-11-24  |y BK  |z Catalogado en:20171104  |k COM 
952 |0 0  |1 0  |3 erb  |4 0  |6 657_000000000000000_NOR_2017  |7 0  |8 A  |9 485666  |a BIBGIM  |b BIBGIM  |h v.2  |i 5433673  |o 657 NOR 2017  |p 5433673  |r 2025-01-15  |w 2019-11-24  |y BK  |z Catalogado en:20171104  |k COM 
952 |0 0  |1 0  |3 erb  |4 0  |6 657_000000000000000_NOR_2017  |7 0  |8 A  |9 485667  |a BIBGIM  |b BIBGIM  |h v.1  |i 5433681  |o 657 NOR 2017  |p 5433681  |r 2025-01-15  |w 2019-11-24  |y BK  |z Catalogado en:20171104  |k COM 
952 |0 0  |1 0  |3 erb  |4 0  |6 657_000000000000000_NOR_2017  |7 0  |8 A  |9 485668  |a BIBGIM  |b BIBGIM  |h v.2  |i 543369K  |o 657 NOR 2017  |p 543369K  |r 2025-01-15  |w 2019-11-24  |y BK  |z Catalogado en:20171104  |k COM 
952 |0 0  |1 0  |3 erb  |4 0  |6 657_000000000000000_NOR_2017  |7 0  |8 A  |9 485669  |a BIBGIM  |b BIBGIM  |h v.1  |i 5433703  |o 657 NOR 2017  |p 5433703  |r 2025-01-15  |w 2019-11-24  |y BK  |z Catalogado en:20171104  |k COM 
952 |0 0  |1 0  |3 erb  |4 0  |6 657_000000000000000_NOR_2017  |7 0  |8 A  |9 485670  |a BIBGIM  |b BIBGIM  |h v.2  |i 5433711  |o 657 NOR 2017  |p 5433711  |r 2025-01-15  |w 2019-11-24  |y BK  |z Catalogado en:20171104  |k COM 
952 |0 0  |1 0  |3 erb  |4 0  |6 657_000000000000000_NOR_2017  |7 0  |8 A  |9 485671  |a BIBGIM  |b BIBGIM  |h v.1  |i 543372K  |o 657 NOR 2017  |p 543372K  |r 2025-01-15  |w 2019-11-24  |y BK  |z Catalogado en:20171104  |k COM 
952 |0 0  |1 0  |3 erb  |4 0  |6 657_000000000000000_NOR_2017  |7 0  |8 A  |9 485672  |a BIBGIM  |b BIBGIM  |h v.2  |i 5433738  |o 657 NOR 2017  |p 5433738  |r 2025-01-15  |w 2019-11-24  |y BK  |z Catalogado en:20171104  |k COM 
952 |0 0  |1 0  |3 erb  |4 0  |6 657_000000000000000_NOR_2017  |7 0  |8 A  |9 485673  |a BIBGIM  |b BIBGIM  |h v.1  |i 5435552  |l 1  |o 657 NOR 2017  |p 5435552  |r 2025-01-15  |s 2024-04-03  |w 2019-11-24  |y BK  |z Catalogado en:20171117  |k COM 
952 |0 0  |1 0  |3 erb  |4 0  |6 657_000000000000000_NOR_2017  |7 0  |8 A  |9 485674  |a BIBGIM  |b BIBGIM  |h v.2  |i 5435560  |o 657 NOR 2017  |p 5435560  |r 2025-01-15  |w 2019-11-24  |y BK  |z Catalogado en:20171117  |k COM